Cucumber Producing Countries Quiz Stats

 Plays Quiz Updated Nov 11, 2016

Challenge
Share
Tweet
Embed
Score 0/20 Timer 04:00
2 Plays Today
Continent Country % Correct
AsiaChina
98.6%
North AmericaUnited States
95.8%
Europe-AsiaRussia
92.9%
North AmericaMexico
89.2%
AsiaJapan
88.9%
Europe-AsiaTurkey
86.5%
EuropeSpain
79.5%
AsiaThailand
71.6%
AsiaSouth Korea
70.8%
AsiaIran
70.7%
Continent Country % Correct
AsiaIndonesia
70.4%
EuropePoland
68.3%
EuropeUkraine
66.7%
AfricaEgypt
65.1%
AsiaIraq
64.1%
AsiaKazakhstan
55.2%
AsiaIsrael
49.6%
AsiaSaudi Arabia
48.2%
AsiaUzbekistan
45.7%
EuropeNetherlands
38.7%

You're not logged in!

Compare scores with friends on all Sporcle quizzes.
Join for Free
OR
Log In

You Might Also Like...

Show Comments

Extras

Top Quizzes Today


Score Distribution

Your Account Isn't Verified!

In order to create a playlist on Sporcle, you need to verify the email address you used during registration. Go to your Sporcle Settings to finish the process.

Report this User

Report this user for behavior that violates our Community Guidelines.

Details: